000 00910cab a2200277 4500
001 ABS55065
008 090401t1996 xxu||||| |||| 00| 0 eng d
035 _a(Sirsi) u13924
041 _aeng
100 _aKometa, S.T.
245 _aValidation of the model for evaluating client-generated risk by project consultants
260 _c1996
350 _a0
490 _aConstruction Management & Economics
_v14(2) 1996, 131-145(15)
520 _aReports on results into the validation of a model which could be used as a tool for predicting client-generated risks to construction consulting firms.
650 _aCLIENT-GENERATED RISKS
650 _aMODEL VALUATION
650 _aPROJECT CONSULTANTS
650 _aRISK ASSESSMENT
650 _aRISK MANAGEMENT
690 _aProject management
_96261
700 _aOlomolaiye, P.O.
700 _aHarris, F.C.
942 _n0
948 _c04/03/1997
999 _c8997
_d8997